000 00310nam a22001337a 4500
008 170928b xxu||||| |||| 00| 0 eng d
020 _a2900838452546
041 _aeng
080 _23RD
_a37
100 _a47
101 _aEDU
245 _aPERSEPECTIVES ON CONTEMPORARY ISSUES
_cACKLEY,K.A
942 _2udc
_cBK
999 _c30576
_d30576